| 000 | 00686cab a2200241 4500 | ||
|---|---|---|---|
| 001 | WB3402-24 | ||
| 008 | 090401t1998 xxu||||| |||| 00| 0 eng d | ||
| 035 | _a(Sirsi) u83143 | ||
| 041 | _aeng | ||
| 245 | _aTaxing of green belt | ||
| 260 | _c1998 | ||
| 350 | _a0 | ||
| 490 |
_aFinancial Times _v16 January 1998, 9(1) |
||
| 520 | _aGovernment has launched a consultation to reform the planning system. Included is a suggestion to tax development on green belt land. | ||
| 650 | _aGOVERNMENT POLICY | ||
| 650 | _aGREEN BELT | ||
| 650 | _aPLANNING SYSTEM | ||
| 650 | _aREFORM | ||
| 650 | _aTAX | ||
| 690 | _aPLANNING LAW AND PRACTICE | ||
| 942 | _n0 | ||
| 948 | _c16/01/1998 | ||
| 999 |
_c52518 _d52518 |
||